El enfoque comunicativo de la enseñanza de la lengua

Saved in:
Bibliografiske detaljer
Main Authors: Lomas García, Carlos (autor), Osoro, Andrés (Author)
Format: Bog
Sprog:spansk
Udgivet: Barcelona Paidós 1993
Udgivelse:1a. ed
Serier:Papeles de Pedagogía, 14
Fag:
Tags: Tilføj Tag
Ingen Tags, Vær først til at tagge denne postø!

MARC

LEADER 00000nam a2200000 a 4500
001 UCY3287
003 CL-VaPUC
008 941220e19930000SP |||||||||||||||||spa|d
020 |a 8475098916 
082 0 4 |a 407  |b LOM  |2 21 
100 |a Lomas García, Carlos  |e autor  |9 589409 
700 0 |a Osoro, Andrés  |e author  |9 331562 
245 1 3 |a El enfoque comunicativo de la enseñanza de la lengua 
250 |a 1a. ed 
300 |a 276 p 
942 |c BK 
945 |d 19941220 00:00:00  |a rbrito 
260 |a Barcelona  |b Paidós  |c 1993 
650 0 |a Lenguaje y lenguas  |9 265846 
650 0 |a Enseñanza  |9 256457 
650 0 |a Lingüística  |9 265068 
583 |a last modification  |c 20150708 09:44:56  |k Rodrigo Vera 
490 0 |a Papeles de Pedagogía, 14 
999 |c 231472  |d 231470 
952 |0 0  |1 0  |4 0  |6 407_000000000000000_LOM_1993  |7 0  |8 A  |9 234762  |a BIBEDU  |b BIBEDU  |d 2019-11-15  |i 3036146  |l 2  |m 1  |o 407 LOM 1993  |p 3036146  |q 2023-07-31  |r 2020-10-11  |s 2020-10-11  |w 2019-11-15  |y BK  |k LIT 
952 |0 0  |1 0  |4 0  |6 407_000000000000000_LOM_1993  |7 0  |8 A  |9 234763  |a FDOPOS  |b FDOPOS  |d 2019-11-15  |i 3688089  |o 407 LOM 1993  |p 3688089  |r 2025-01-22  |w 2019-11-15  |y BK  |k MLA 
952 |0 0  |1 0  |4 0  |6 407_000000000000000_LOM_1993  |7 0  |8 A  |9 234764  |a FDOPOS  |b FDOPOS  |d 2019-11-15  |i 461898K  |o 407 LOM 1993  |p 461898K  |r 2025-01-22  |w 2019-11-15  |y BK  |k MLA